Building technology (Record no. 104777)
[ view plain ]
| 000 -LEADER | |
|---|---|
| fixed length control field | 01457cam a2200253 4500 |
| 001 - CONTROL NUMBER | |
| control field | ##L131513 |
| 008 - FIXED-LENGTH DATA ELEMENTS--GENERAL INFORMATION | |
| fixed length control field | 051110n2005 000 0 eng u |
| 020 ## - INTERNATIONAL STANDARD BOOK NUMBER | |
| International Standard Book Number | 1904388558 |
| 035 ## - SYSTEM CONTROL NUMBER | |
| System control number | (Sirsi) u131513 |
| 041 ## - LANGUAGE CODE | |
| Language code of text/sound track or separate title | 690 $2 18 |
| 110 2# - MAIN ENTRY--CORPORATE NAME | |
| Corporate name or jurisdiction name as entry element | College of Estate Management |
| 9 (RLIN) | 400 |
| 245 00 - TITLE STATEMENT | |
| Title | Building technology |
| Remainder of title | low rise residential techniques |
| 260 ## - PUBLICATION, DISTRIBUTION, ETC. | |
| Place of publication, distribution, etc. | Reading |
| Name of publisher, distributor, etc. | College of Estate Management |
| Date of publication, distribution, etc. | 2005 |
| 300 ## - PHYSICAL DESCRIPTION | |
| Extent | 1 |
| Type of unit | v. (loose-leaf) |
| Dimensions | 30cm. + |
| Accompanying material | 1 book (vii, 320p. : ill., 30cm.) and 1 booklet (158p. : ill., 30cm.) |
| 350 ## - PRICE (NR) (BK AM CF MU VM SE) [OBSOLETE] | |
| Price | 125 |
| 490 #0 - SERIES STATEMENT | |
| Series statement | College of Estate Management Distance Learning Study Material for Licensed Home Inspectors |
| Volume/sequential designation | LHI1 |
| 505 2# - FORMATTED CONTENTS NOTE | |
| Formatted contents note | Communication methods -- External environment -- Internal environment: comfort factors -- Properties and performance standards -- Design methods -- Components used in construction -- Assemblies -- Finishes -- Services -- External works |
| 520 ## - SUMMARY, ETC. | |
| Summary, etc. | The first in a new series aimed at those seeking to qualify as a home inspector this distance learning pack covers all aspects of construction design. Details of expected learning outcomes are provided the papers, all of which are illustrated with working details and diagrams. |
| 520 ## - SUMMARY, ETC. | |
| Summary, etc. | Includes "The construction of houses" (ISBN 0728203332), which is available to borrow seperately, and "Glossary of building technology" |
| 590 ## - LOCAL NOTE (RLIN) | |
| Local note | IKA170106 |
| 690 ## - LOCAL SUBJECT ADDED ENTRY--TOPICAL TERM (OCLC, RLIN) | |
| Topical term or geographic name as entry element | BUILT ENVIRONMENT-BUILDING ELEMENTS |
| 942 ## - ADDED ENTRY ELEMENTS (KOHA) | |
| Suppress in OPAC | 0 |
| Withdrawn status | Lost status | Damaged status | Not for loan | Home library | Current library | Shelving location | Date acquired | Cost, normal purchase price | Total Checkouts | Full call number | Barcode | Date last seen | Date last checked out | Copy number | Cost, replacement price | Price effective from | Koha item type | Source of classification or shelving scheme |
|---|---|---|---|---|---|---|---|---|---|---|---|---|---|---|---|---|---|---|
| Missing | London | London | Missing | 17/01/2006 | 125.00 | 3 | ENQUIRY DESK | 30071899 | 06/08/2019 | 14/06/2006 | 4 | 125.00 | 06/08/2019 | Audio | ||||
| London | London | Enquiry desk | 17/01/2006 | 125.00 | 11 | ENQUIRY DESK | 30071901 | 06/08/2019 | 15/06/2009 | 6 | 125.00 | 06/08/2019 | Audio | Dewey Decimal Classification |